| 000 | 00378nam a2200157Ia 4500 | ||
|---|---|---|---|
| 008 | 210210b2004 xxu||||| |||| 00| 0 eng d | ||
| 020 | _a0753709694 | ||
| 082 | _a709 PIPI | ||
| 100 | _aPIPER (David). | ||
| 245 | _aIllustrated history of art. | ||
| 260 |
_aChina _bBounty Books _c2004 |
||
| 300 | _a538 | ||
| 650 | _aHistory of Art | ||
| 690 | _aThe Arts | ||
| 906 | _aSG04610 | ||
| 999 |
_c115550 _d115550 |
||